000 00419nam a22001577a 4500
003 OSt
005 20160727222359.0
008 160622b xxu||||| |||| 00| 0 eng d
040 _ctest
082 _21
_a823
100 _9622
_aSwift's Jonathan
245 _aGulliver's Travels
_bMade Easy
260 _aNew Delhi
_bGoyal Brothers Prakashan
_c2012
300 _aBased on the latest book prescribed by CBSE
942 _2ddc
_cBK
999 _c507
_d507